Bệnh phổ biến ở lợn và biện pháp phòng trị

Gorde:
Xehetasun bibliografikoak
Egile nagusia: Phạm, Sỹ Lăng
Formatua: Liburua
Hizkuntza:Undetermined
Argitaratua: Hà Nội Nông nghiệp 2003
Gaiak:
Etiketak: Etiketa erantsi
Etiketarik gabe, Izan zaitez lehena erregistro honi etiketa jartzen!
Thư viện lưu trữ: Trung tâm Học liệu Trường Đại học Cần Thơ
LEADER 00603nam a2200193Ia 4500
001 CTU_60489
008 210402s9999 xx 000 0 und d
020 |c 11500 
082 |a 636.4089 
082 |b L116/T.1 
100 |a Phạm, Sỹ Lăng 
245 0 |a Bệnh phổ biến ở lợn và biện pháp phòng trị 
245 0 |c Phạm Sỹ Lăng, Phan Địch Lân, Trương Văn Dung 
260 |a Hà Nội 
260 |b Nông nghiệp 
260 |c 2003 
650 |a Swine diseases 
904 |i Minh,Hải 
980 |a Trung tâm Học liệu Trường Đại học Cần Thơ